|
|
|
|
| LEADER |
00930cam a2200253 7i4500 |
| 001 |
0000002855 |
| 005 |
20170207090000.0 |
| 020 |
|
|
|a 9780071230575 (pbk.)
|
| 020 |
|
|
|a 0071230572 (pbk.)
|
| 020 |
|
|
|a 9780072465631 (hbk.)
|
| 020 |
|
|
|a 0072465638 (hbk.)
|
| 090 |
0 |
0 |
|a QA76.9.D3
|b R36 2003
|
| 100 |
1 |
|
|a Ramakrishnan, Raghu
|
| 245 |
1 |
0 |
|a Database management systems
|c Raghu Ramakrishnan, Johannes Gehrke.
|
| 250 |
|
|
|a 3rd ed.
|
| 260 |
|
|
|a Boston:
|b McGraw-Hill,
|c 2003.
|
| 300 |
|
|
|a xxxii, 1065 p.:
|b ill.;
|c 25 cm.
|
| 504 |
|
|
|a Includes bibliographical references and indexes
|
| 650 |
0 |
0 |
|a Database management
|
| 700 |
1 |
|
|a Gehrke, Johannes
|
| 997 |
|
|
|a Communication, Visual Art & Computing, Faculty
|b Computing, Department
|
| 999 |
|
|
|a 0000004564
|b BOK
|c OPEN SHELF
|e 2nd Floor, Bestari Jaya
|
| 999 |
|
|
|a 0000004567
|b BOK
|c OPEN SHELF
|e 2nd Floor, Bestari Jaya
|
| 999 |
|
|
|a 0000004600
|b BOK
|c OPEN SHELF
|e 2nd Floor, Bestari Jaya
|